000
00301nam a2200109 a 4500
005
20140408090011.0
008
021114s19uu xx 00 eng d
050
_a
PGS '99
_b
ALA #3
100
_a
Al-Awad, Sarah C.
245
_a
A Study on the importance of learning arts education in SIS.
942
_c
PASS
999
_c
96151
_d
96151